| 000 | 00877nam a2200193Ia 4500 | ||
|---|---|---|---|
| 008 | 151119s9999||||xx |||||||||||||| ||und|| | ||
| 082 | _a923.254 | ||
| 082 | _bGKKV6522 | ||
| 100 | _aबेडेकर विश्राम | ||
| 245 | _aस्वातीत्र्यवीर सावरकर चित्रपटकथा व संवाद भाग पहिला | ||
| 260 | _a-- | ||
| 260 | _b-- | ||
| 260 | _c1991 | ||
| 600 | _aबेडेकर विश्राम | ||
| 630 | _aस्वातीत्र्यवीर सावरकर चित्रपटकथा व संवाद भाग पहिला | ||
| 700 | _aबेडेकर विश्राम | ||
| 730 | _aस्वातीत्र्यवीर सावरकर चित्रपटकथा व संवाद भाग पहिला | ||
| 942 | _cBOOK | ||
| 999 |
_c1061360 _d1061357 |
||